[Event "Seefeld op 19th"]
[Site "Seefeld"]
[Date "2008.09.05"]
[Round "1"]
[White "Bangert, Ruediger"]
[Black "Nachtkamp, Herbert"]
[Result "0-1"]
[WhiteElo "1704"]
[BlackElo "2087"]
[PlyCount "66"]
[EventDate "2008.09.05"]
[EventType "swiss"]
[EventRounds "9"]
[EventCountry "AUT"]
[SourceTitle "EXT 2010"]
[Source "ChessBase"]
[SourceDate "2010.11.25"]
[SourceVersion "1"]
[SourceVersionDate "2010.11.25"]
[SourceQuality "1"]

1. d4 d5 2. c4 Nc6 3. cxd5 Qxd5 4. e3 e5 5. Nc3 Bb4 6. Bd2 Bxc3 7. bxc3 Nf6 8. c4 Qd6 9. d5 Ne7 10. Be2 Ne4 11. Nf3 0-0 12. 0-0 c6 13. dxc6 Nxc6 14. Qc2 Nxd2 15. Qxd2 Qe7 16. Qb2 Bg4 17. h3 Bf5 18. Rfd1 f6 19. Nh4 Be6 20. Rab1 Rab8 21. Qc3 Rfc8 22. Bd3 g6 23. Rd2 Nd8 24. Qc2 f5 25. Bxf5 gxf5 26. Nxf5 Qg5 27. Nd6 Rc7 28. Ne4 Qe7 29. Ng3 Nf7 30. Nf5 Qc5 31. Rc1 Qb4 32. Qd3 Bxf5 33. Qxf5 Qxd2 0-1

[Event "Berlin op 08"]
[Site "Berlin"]
[Date "2006.08.24"]
[Round "6"]
[White "Lang, Martin"]
[Black "Nachtkamp, Herbert"]
[Result "0-1"]
[WhiteElo "1801"]
[BlackElo "1968"]
[PlyCount "54"]
[EventDate "2006.08.19"]
[EventType "swiss"]
[EventRounds "9"]
[EventCountry "GER"]
[SourceTitle "EXT 2007"]
[Source "ChessBase"]
[SourceDate "2006.11.23"]
[SourceVersion "1"]
[SourceVersionDate "2006.11.23"]
[SourceQuality "1"]

1. d4 g6 2. e4 Bg7 3. Nf3 d6 4. Bc4 e6 5. 0-0 Nd7 6. Nc3 h6 7. Be3 Ne7 8. Qe2 0-0 9. Rad1 a6 10. Nh4 b5 11. Bb3 Bb7 12. d5 exd5 13. exd5 Nc8 14. g3 Ncb6 15. f4 Re8 16. Qd3 Nc5 17. Qd2 Nxb3 18. cxb3 b4 19. Bxb6 bxc3 20. bxc3 cxb6 21. f5 g5 22. Ng2 Qf6 23. c4 Re5 24. Ne3 Re4 25. g4 Rae8 26. Rf3 Qe5 27. Re1 Qc3 0-1